|
|
|
|
| LEADER |
01321nam a2200313 a 4500 |
| 001 |
968 |
| 003 |
BD-DhAAL |
| 005 |
20150429094418.0 |
| 008 |
150429s1996 ii b 000 0 eng d |
| 010 |
|
|
|a 97159217
|
| 020 |
|
|
|a 0195638573 :
|c $24.83
|
| 040 |
|
|
|a NSbSU
|c NSbSU
|d DLC
|d BD-DhAAL
|
| 050 |
0 |
4 |
|a HC430.6
|b .I57 1996
|
| 082 |
0 |
0 |
|a 338.954
|2 21
|
| 245 |
0 |
0 |
|a Institutions and economic change in South Asia /
|c edited by Burton Stein, Sanjay Subrahmanyam.
|
| 260 |
|
|
|a Delhi ;
|a New York :
|b Oxford University Press,
|c 1996.
|
| 300 |
|
|
|a x, 314 p. ;
|c 23 cm.
|
| 490 |
|
|
|a SOAS studies on South Asia
|
| 500 |
|
|
|a "Includes specially-commissioned papers, but mainly comprises revised versions of selected papers from a conference which was held in SOAS, in July 1992"--P. viii.
|
| 504 |
|
|
|a Includes bibliographical references.
|
| 541 |
|
|
|e 968
|
| 651 |
|
0 |
|a South Asia
|x Economic conditions.
|9 10834
|
| 651 |
|
0 |
|a South Asia
|x Economic policy.
|9 10835
|
| 700 |
1 |
|
|a Stein, Burton,
|d 1926-1996.
|9 10836
|
| 700 |
1 |
|
|a Subrahmanyam, Sanjay.
|9 9941
|
| 710 |
2 |
|
|a University of London.
|b School of Oriental and African Studies.
|9 10837
|
| 942 |
|
|
|2 ddc
|c BK
|
| 999 |
|
|
|c 34341
|d 34341
|
| 952 |
|
|
|0 0
|1 0
|2 ddc
|4 0
|6 338_954000000000000_INS
|7 0
|9 53613
|a SCL
|b SCL
|c GEN
|d 2015-04-29
|l 0
|o 338.954 INS
|p 3020000968
|r 2015-04-29
|t 1
|w 2015-04-29
|y BK
|